000
00237nam a2200109Ia 4500
008
240625s9999 xx 000 0 und d
041
_a
eng
082
_a
346.07 TAX
100
_a
TAXMANN
245
_a
E COMPANY LAW MANUAL
260
_c
2007
999
_c
33598
_d
33598